World cup 1970 teams - Statistics

General Stats
  • This quiz has been taken 617 times
  • The average score is 12 of 16
Answer Stats
Hint Answer % Correct
GROUP 3 Brazil
98%
GROUP 3 England
96%
GROUP 4 West Germany
96%
GROUP 2 Italy
94%
GROUP 1 Mexico
94%
GROUP 2 Uruguay
90%
GROUP 1 Soviet Union
85%
GROUP 2 Sweden
82%
GROUP 1 Belgium
76%
GROUP 4 Peru
73%
GROUP 3 Czechoslovakia
72%
GROUP 4 Bulgaria
67%
GROUP 3 Romania
65%
GROUP 4 Morocco
55%
GROUP 2 Israel
47%
GROUP 1 El Salvador
45%
No matching quizzes found
Score Distribution
Percent of People with Each Score
Percentile by Number Answered
Your Score History
You have not taken this quiz